000 00693nam a2200253Ia 4500
003 OSt
005 20220925215404.0
006 a|||||r|||| 00| 0
007 ta
008 220923b |||||||| |||| 00| 0 eng d
037 _cGeneral Book
040 _aRTL
_cRTL
_beng
041 _2eng
_aeng
082 _aB2896, K8
100 _aPeston Maurice
_9282716
245 0 _aStatistical decision theory
260 _aLondon
_bHMSO
_c1968
300 _a19p.
_ccm.
490 _aC A S Occasional Papers.7
650 _aOperational Research
700 _a Coddington Alan
942 _hB2896, K8
_cGB
_2CC
999 _c568652
_d568652